000 00685nam a2200289Ia 4500
005 20260324123418.0
008 008 260324s9999 xx 000 0 eng d
020 _a9781315596426
037 _aEBOOK
040 _aCRL
040 _beng
040 _cCRL
041 _2eng
041 _aeng
084 _qCRL
100 _aHelen Rees Leahy
_91170204
245 0 _aMuseum Bodies
245 4 _bThe Politics and Practices of Visiting and Viewing
260 _bTaylor and Francis
260 _c2012
365 _a
365 _b220
856 _uhttp://www.taylorfrancis.com/books/9781315596426
942 _cEBOOK
999 _c1763714
_d1763714